The general education of teachers; (Record no. 21864)
[ view plain ]
| 000 -LEADER | |
|---|---|
| fixed length control field | 01204cam a22002771 4500 |
| 001 - CONTROL NUMBER | |
| control field | e 42000172 |
| 003 - CONTROL NUMBER IDENTIFIER | |
| control field | DLC |
| 005 - DATE AND TIME OF LATEST TRANSACTION | |
| control field | 20260227111230.0 |
| 008 - FIXED-LENGTH DATA ELEMENTS--GENERAL INFORMATION | |
| fixed length control field | 840817s1941 kyu 000 0 eng c |
| 010 ## - LIBRARY OF CONGRESS CONTROL NUMBER | |
| LC control number | e 42000172 |
| 035 ## - SYSTEM CONTROL NUMBER | |
| System control number | (OCoLC)11066263 |
| 040 ## - CATALOGING SOURCE | |
| Original cataloging agency | U.S. Off. of educ. Library |
| Transcribing agency | DNIE |
| Modifying agency | DLC |
| 042 ## - AUTHENTICATION CODE | |
| Authentication code | premarc |
| 043 ## - GEOGRAPHIC AREA CODE | |
| Geographic area code | n-us-ky |
| 050 00 - LIBRARY OF CONGRESS CALL NUMBER | |
| Classification number | L152 |
| Item number | .B35 vol. 9. no. 12. |
| 111 2# - MAIN ENTRY--MEETING NAME | |
| Meeting name or jurisdiction name as entry element | Teacher Education Conference |
| Number of part/section/meeting | (2nd : |
| Date of meeting or treaty signing | 1941 : |
| Location of meeting | Kentucky State Teachers College, Bowling Green) |
| 245 14 - TITLE STATEMENT | |
| Title | The general education of teachers; |
| Remainder of title | a report of the Teacher education conference held at Western Kentucky state teachers college, Bowling Green, September 8-12, 1941. |
| Statement of responsibility, etc. | Published by order of the State board of education, John W. Brooker, superintendent of public instruction. |
| 260 ## - PUBLICATION, DISTRIBUTION, ETC. | |
| Place of publication, distribution, etc. | [Frankfort, Ky., |
| Date of publication, distribution, etc. | 1942] |
| 300 ## - PHYSICAL DESCRIPTION | |
| Extent | 1019-1078 p. |
| Dimensions | 23 cm. |
| 490 0# - SERIES STATEMENT | |
| Series statement | [Kentucky. Dept. of education] Educational bulletin ... |
| Volume/sequential designation | vol. IX, no. 12 |
| 500 ## - GENERAL NOTE | |
| General note | Cover-title. |
| 500 ## - GENERAL NOTE | |
| General note | At head of title: Commonwealth of Kentucky. |
| 500 ## - GENERAL NOTE | |
| General note | "Second annual conference on teacher education."--Foreword. |
| 650 #0 - SUBJECT ADDED ENTRY--TOPICAL TERM | |
| Topical term or geographic name entry element | Teachers |
| General subdivision | Training of |
| Geographic subdivision | Kentucky. |
| 650 #0 - SUBJECT ADDED ENTRY--TOPICAL TERM | |
| Topical term or geographic name entry element | Education |
| Form subdivision | Congresses. |
No items available.